000
00316nam a22001337a 4500
008
260105b ||||| |||| 00| 0 eng d
020
_a
9788818035971
041
_a
eng
080
_a
001
100
_a
24
101
_a
ital
245
_a
Vacabolario Italiano
_c
Diego Meldi e Anna Maria Carassiti
942
_2
udc
_c
BK
999
_c
60744
_d
60744